000 00473nam a2200145 4500
999 _c3109
_d3109
008 200319b ||||| |||| 00| 0 eng d
082 0 0 _a620.112
_bU81
100 _92673
_aUrry, S. A.
245 1 0 _aSolution of Problems in Strength of Materials and Mechanics of Solids /
_cby S. A. Urry and Peter John Turner
260 _aLondon
_bPitman Publishing
_c1976
300 _axi, 504 p.
650 0 _aStrength of Materials
700 _92672
_aTurner, Peter John
942 _2ddc
_cBK